000 00354nam a2200157Ia 4500
003 OSt
005 20231222113604.0
008 170524s9999 xx 000 0 und d
020 _a0074624776
040 _cIIMT
100 _aBhattacharya SK
245 0 _aIndustrial Electronic & Control
260 _bTMH New Delhi
260 _c2006
942 _2ddc
_c02
999 _c4858
_d4858